Vplyv reformnej dane z príjmov na lízingovú cenu hnuteľných vecí

Z hľadiska daňových aspektov finančného lízingu dochádza reformou dane z príjmov (19 perc.) k zmene zaužívaných stereotypov v odpisovaní predmetu lízingu a zahrňovaní dojednaných lízingových splátok do nákladov. Vplyv zmeny dane z príjmov na lízingovú cenu.

Guardado en:
Detalles Bibliográficos
Autor principal: Marušin, Ján
Otros Autores: Neufeld, Juraj, 1946-, Polončák, Milan
Formato: Capítulo de libro
Lenguaje:eslovaco
Materias:
Etiquetas: Agregar Etiqueta
Sin Etiquetas, Sea el primero en etiquetar este registro!

MARC

LEADER 00000naa$a2200000$$$4500
001 0023119
005 20240502071416.6
041 0 |a slo 
044 |a SK 
245 1 0 |a Vplyv reformnej dane z príjmov na lízingovú cenu hnuteľných vecí  |c Ján Marušin, Juraj Neufeld, Milan Polončák 
520 |a Z hľadiska daňových aspektov finančného lízingu dochádza reformou dane z príjmov (19 perc.) k zmene zaužívaných stereotypov v odpisovaní predmetu lízingu a zahrňovaní dojednaných lízingových splátok do nákladov. Vplyv zmeny dane z príjmov na lízingovú cenu. 
610 2 0 |a lízing 
610 2 0 |a ceny 
610 2 0 |a dane z príjmov 
610 2 0 |a dane z hodnoty pridanej 
610 2 0 |a hnuteľnosti 
100 1 |a Marušin, Ján 
700 1 |a Neufeld, Juraj, 1946- 
700 1 |a Polončák, Milan